| 000 | 01034nam a22003257a 4500 | ||
|---|---|---|---|
| 001 | 183 | ||
| 003 | FISKH | ||
| 005 | 20230306112526.0 | ||
| 008 | 230302b cb ||||| |||| 00| 0 eng d | ||
| 020 | _a9780545077385 | ||
| 020 | _a9780545077385 | ||
| 040 |
_aDLC _cDLC _dDLC _dFISKH _beng |
||
| 050 | 0 | 0 |
_aPZ7.P3856 _bTal 2007 |
| 082 | 0 | 0 |
_a813.6 _222 |
| 100 | 1 |
_aPennypacker, Sara, _d1951- |
|
| 245 | 1 | 4 |
_aThe talented Clementine / _cby Sara Pennypacker ; pictures by Marla Frazee. |
| 250 | _a1st ed. | ||
| 260 |
_aNew York _bScholastic _c2008 |
||
| 300 |
_a137 p. : _bill. ; _c20 cm. |
||
| 505 | _aO | ||
| 520 | _aEight-year-old Clementine, convinced that she has no talents, tries to find a way to avoid participating in the class talent show. | ||
| 521 | 8 |
_a600
_bLexile |
|
| 521 | 8 |
_aO _bRaz-Plus |
|
| 650 | 1 |
_aSelf-perception _vFiction. |
|
| 650 | 1 |
_aTalent shows _vFiction. |
|
| 650 | 1 |
_aSchools _vFiction. |
|
| 700 | 1 |
_aFrazee, Marla, _eill. |
|
| 906 |
_a7 _bcbc _corignew _d1 _eocip _f20 _gy-gencatlg |
||
| 942 |
_2ddc _cBK _n0 |
||
| 999 |
_c183 _d183 |
||